Central Library OPAC University of Rajshahi

একাত্তরের বিজয় গাথা / (Record no. 38254)

MARC details
000 -LEADER
fixed length control field 00974nam a2200241 a 4500
001 - CONTROL NUMBER
control field 38254
003 - CONTROL NUMBER IDENTIFIER
rucl marc code BD-RjUL
005 - DATE AND TIME OF LATEST TRANSACTION
control field 20211209052746.0
008 - FIXED-LENGTH DATA ELEMENTS--GENERAL INFORMATION
fixed length control field 151018s1997 bg a|||| |||| 00| 0 ben d
020 ## - INTERNATIONAL STANDARD BOOK NUMBER
International Standard Book Number 9844010195
035 ## - SYSTEM CONTROL NUMBER
System control number (BD-RjUL)38359
040 ## - CATALOGING SOURCE
Original cataloging agency BD-RjUL
Language of cataloging ben
Transcribing agency BD-RjUL
041 ## - LANGUAGE CODE
Language code of text/sound track or separate title ben
082 ## - DEWEY DECIMAL CLASSIFICATION NUMBER
Edition number 23
Classification number 954.9205
Author mark and year EKA 1997
245 ## - TITLE STATEMENT
Title একাত্তরের বিজয় গাথা /
Statement of responsibility, etc. মুনতাসীর মামুন সম্পাদিত
260 ## - PUBLICATION, DISTRIBUTION, ETC. (IMPRINT)
Place of publication, distribution, etc. ঢাকা :
Name of publisher, distributor, etc. আগামী প্রকাশনী,
Date of publication, distribution, etc. ১৯৯৭.
300 ## - PHYSICAL DESCRIPTION
Pagination xiv, ১৭৬ পৃৃ. :
Illustrations চিত্র ;
Size ২২ সেমি.
650 ## - SUBJECT ADDED ENTRY--TOPICAL TERM
Topical term or geographic name as entry element বাংলাদেশ
General subdivision ইতিহাস
Chronological subdivision মুক্তিযুদ্ধ, ১৯৭১
9 (RLIN) 118261
Topical term or geographic name as entry element Bangladesh
General subdivision History
Chronological subdivision Revolution, 1971
9 (RLIN) 118262
Topical term or geographic name as entry element Liberation war
Geographic subdivision Bangladesh
9 (RLIN) 118264
700 ## - ADDED ENTRY--PERSONAL NAME
Personal name মামুন, মুনতাসীর
942 ## - ADDED ENTRY ELEMENTS (KOHA)
Source of classification or shelving scheme Dewey Decimal Classification
Koha item type Books
Holdings
Lost status Source of classification or shelving scheme Damaged status Not for loan Collection code Permanent Location Current Location Shelving location Date acquired Source of acquisition Cost, normal purchase price Total Checkouts Full call number Date last seen Date checked out Copy number Koha item type
  Dewey Decimal Classification     Non-fiction Central Library, University of Rajshahi Central Library, University of Rajshahi   09/01/1999 আগামী প্রকাশনী, ঢাকা 120.00 2 B 954.9205 EKA 1997 22/01/2020 20/01/2020 C-2 Books